Statistics for Transformers Quiz

Click here to take the quiz!

General Stats

  • This quiz has been taken 26 times
  • The average score is 10 of 484

Answer Stats

Answer% Correct
Optimus Prime
100%
Bumblebee
86%
Megatron
76%
Starscream
52%
Ironhide
43%
Ratchet
33%
Shockwave
33%
Jazz
29%
Jetfire
29%
Arcee
24%
Hot Rod
24%
Mirage
24%
Soundwave
24%
Barricade
19%
Grimlock
19%
Sideswipe
19%
Unicron
19%
Bonecrusher
14%
Cliffjumper
14%
Galvatron
14%
Hound
14%
Ultra Magnus
14%
Wheeljack
14%
Blackout
10%
Cheetor
10%
Crosshairs
10%
Dreadwing
10%
Frenzy
10%
Laserbeak
10%
Onslaught
10%
Optimus Primal
10%
Prowl
10%
Rhinox
10%
Rodimus Prime
10%
Sludge
10%
Thundercracker
10%
Vortex
10%
Alpha Trion
5%
Brawl
5%
Brawn
5%
Breakdown
5%
Crankcase
5%
Cyclonus
5%
Darkwing
5%
Elita-1
5%
Kickback
5%
Knockout
5%
Knok
5%
Leadfoot
5%
Mixmaster
5%
Motormaster
5%
Nemesis Prime
5%
Rampage
5%
Rattrap
5%
Ravage
5%
Roadbuster
5%
Rumble
5%
Scourge
5%
Sideways
5%
Silverbolt
5%
Skids
5%
Skywarp
5%
Slag
5%
Slog
5%
Spike
5%
Strafe
5%
Swindle
5%
Swoop
5%
Warpath
5%
Wheelie
5%
Acid Storm
0%
Afterburner
0%
Aimless
0%
Airazor
0%
Air Raid
0%
Airstrike
0%
Airwave
0%
Apeface
0%
Arcana
0%
Astrotrain
0%
Axer
0%
Backstreet
0%
Banzai-Tron
0%
Barrage
0%
Battletrap
0%
Beachcomber
0%
Beastbox
0%
Big Daddy
0%
Bighauler
0%
Big Shot
0%
Birdbrain
0%
Bitstream
0%
Blackarachnia
0%
Blackjack
0%
Blades
0%
Blaster
0%
Blast master
0%
Blast-Off
0%
Blaze Master
0%
Blitzwing
0%
Blot
0%
Blowpipe
0%
Bludgeon
0%
Blueheat
0%
Bluestreak
0%
Blurr
0%
Bomb-Burst
0%
Bombshell
0%
Bombshock
0%
Boomer
0%
Brainstorm
0%
Brisko
0%
Bristleback
0%
Broadside
0%
Brunt
0%
Bug Bite
0%
Bugly
0%
Bulldog
0%
Bumper
0%
Buzzsaw
0%
Caliburst
0%
Camshaft
0%
Carnivace
0%
Catgut
0%
Catilla
0%
Cement Head
0%
Cerebros
0%
Chainclaw
0%
Chase
0%
Chop Shop
0%
Chromedome
0%
Chromia
0%
Cindersaur
0%
Cloudburst
0%
Cloudraker
0%
Cosmos
0%
Countdown
0%
Counterpunch
0%
Crossblades
0%
Crumble
0%
Cutthroat
0%
Dead Air
0%
Dead End
0%
Detour
0%
Devcon
0%
Dinobot
0%
Dion
0%
Direct-Hit
0%
Dirge
0%
Divebomb
0%
Dogfight
0%
Doublecross
0%
Doubledealer
0%
Doubleheader
0%
Downshift
0%
Dragstrip
0%
Dropshot
0%
Duros
0%
Eagle Eye
0%
Eject
0%
Erector
0%
Excavator
0%
Exhaust
0%
Fangry
0%
Fastlane
0%
Fasttrack
0%
Finback
0%
Firebolt
0%
Fireflight
0%
Fireshot
0%
Firestar
0%
Firestorm
0%
First Aid
0%
Fistfight
0%
Fixit
0%
Fizzle
0%
Flak
0%
Flamefeather
0%
Flattop
0%
Flintlock
0%
Flywheels
0%
Fortress Maximus
0%
Fracas
0%
Freeway
0%
Free Wheeler
0%
Full-Barrel
0%
Full-Tilt
0%
Gatoraider
0%
Gears
0%
Getaway
0%
Glitch
0%
Gnaw
0%
Goldbug
0%
Gort
0%
Grandslam
0%
Grapple
0%
Gravedigger
0%
Grax
0%
Greasepit
0%
Greaser
0%
Greenlight
0%
Grit
0%
Groove
0%
Grotusque
0%
Groundbreaker
0%
Ground Hog
0%
Groundpounder
0%
Groundshaker
0%
Growl
0%
Gunrunner
0%
Gunwing
0%
Gutcruncher
0%
Guzzle
0%
Hairsplitter
0%
Half-Track
0%
Hammer
0%
Hardhead
0%
Hauler
0%
Haywire
0%
Haze
0%
Headstrong
0%
Heater
0%
Heave
0%
Heavy Tread
0%
Highbrow
0%
Highjump
0%
Hi-Q
0%
Hi-Test
0%
Hoist
0%
Holepunch
0%
Hook
0%
Horri-Bull
0%
Hosehead
0%
Hothouse
0%
Hotlink
0%
Hotspot
0%
Hotwire
0%
Hubcap
0%
Hubs
0%
Huffer
0%
Hun-Gurrr
0%
Hydraulic
0%
Hyperdrive
0%
Icepick
0%
Iguanus
0%
Impactor
0%
Inferno
0%
Ion Storm
0%
Ironworks
0%
Jackpot
0%
Jetblast
0%
Joyride
0%
Kreb
0%
Krok
0%
Krunk
0%
Kup
0%
Lancer
0%
Landfill
0%
Landmine
0%
Lightspeed
0%
Lionizer
0%
Lokos
0%
Longhaul
0%
Longtooth
0%
Lube
0%
Lug
0%
Mainframe
0%
Meltdown
0%
Metroplex
0%
Mindwipe
0%
Misfire
0%
Monzo
0%
Moonracer
0%
Moonrock
0%
Motorhead
0%
Mudslinger
0%
Muzzle
0%
Nacelle
0%
Nautilator
0%
Needlenose
0%
Neutro
0%
Nightbeat
0%
Nightflight
0%
Nightstick
0%
Nosecone
0%
Nova Storm
0%
Octane
0%
Octopunch
0%
Oiler
0%
Omega Supreme
0%
Outback
0%
Overbite
0%
Overcharge
0%
Overdrive
0%
Overflow
0%
Overkill
0%
Overload
0%
Override
0%
Over-Run
0%
Peacemaker
0%
Perceptor
0%
Phaser
0%
Pincher
0%
Pinpointer
0%
Pipeline Gusher
0%
Pipes
0%
Piranacon
0%
Pointblank
0%
Pounce
0%
Powerglide
0%
Powerpunch
0%
Power Run
0%
Powertrain
0%
Punch
0%
Push-Button
0%
Quake
0%
Quickmix
0%
Quickswitch
0%
Quig
0%
Rad
0%
Raindance
0%
Ramhorn
0%
Ramjet
0%
Ransack
0%
Ratbat
0%
Razorclaw
0%
Razor-Sharp
0%
Recoil
0%
Red Alert
0%
Redhot
0%
Redwing
0%
Repugnus
0%
Retro
0%
Rev
0%
Rewind
0%
Ricochet
0%
Rippersnapper
0%
Roadblock
0%
Roadburner
0%
Roadgrabber
0%
Roadhandler
0%
Road Hugger
0%
Rollbar
0%
Roller
0%
Roller Force
0%
Rollout
0%
Roughstuff
0%
Ruckus
0%
Runabout
0%
Runamuck
0%
Sandstorm
0%
Scamper
0%
Scattershot
0%
Scavenger
0%
Scoop
0%
Scorn
0%
Scorponok
0%
Scorpulator
0%
Scowl
0%
Scrapface
0%
Scrapper
0%
Searchlight
0%
Seawatch
0%
Seawing
0%
Shamble
0%
Shrapnel
0%
Sidetrack
0%
Sights
0%
Silencer
0%
Singe
0%
Sinnertwin
0%
Siren
0%
Sixgun
0%
Sixshot
0%
Sizzle
0%
Skalor
0%
Skar
0%
Skullcruncher
0%
Skullgrin
0%
Skydive
0%
Skyfall
0%
Skyhammer
0%
Sky High
0%
Skyhopper
0%
Sky Lynx
0%
Skyshock
0%
Skystalker
0%
Skywraith
0%
Slammer
0%
Slapdash
0%
Sledge
0%
Slide
0%
Slingshot
0%
Slipstream
0%
Slow Poke
0%
Slugfest
0%
Slugslinger
0%
Smokescreen
0%
Snapdragon
0%
Snaptrap
0%
Snarl
0%
Snarler
0%
Soundblaster
0%
Spaceshot
0%
Sparkstalker
0%
Spasma
0%
Spectro
0%
Spinister
0%
Splashdown
0%
Spoilsport
0%
Springer
0%
Sprocket
0%
Spyglass
0%
Squawktalk
0%
Squeezeplay
0%
Stakeout
0%
Steeljaw
0%
Stonecruncher
0%
Storm Cloud
0%
Stormcracker
0%
Stranglehold
0%
Streetwise
0%
Strikedown
0%
Stylor
0%
Submarauder
0%
Sunbeam
0%
Sunrunner
0%
Sunstorm
0%
Sunstreaker
0%
Sureshot
0%
Surge
0%
Swerve
0%
Swindler
0%
Tailgate
0%
Tailspin
0%
Tailwind
0%
Takedown
0%
Tantrum
0%
Tentakil
0%
Terrorfin
0%
Terror-Tread
0%
Throttle
0%
Thrust
0%
Thunderwing
0%
Tigatron
0%
Tiptop
0%
Top-Heavy
0%
Topspin
0%
Tote
0%
Tracer
0%
Tracks
0%
Trailbreaker
0%
Trannis
0%
Tread Bolt
0%
Treadshot
0%
Triggerhappy
0%
Trip-Up
0%
Trypticon
0%
Twin-Twist
0%
Tyrannitron
0%
Vanquish
0%
Venom
0%
Viewfinder
0%
Vorath
0%
Vroom
0%
Waverider
0%
Weirdwolf
0%
Wheel Blaze
0%
Whirl
0%
Whisper
0%
Wideload
0%
Wildfly
0%
Wildrider
0%
Windcharger
0%
Windsweeper
0%
Wingspan
0%
Wingthing
0%
Wreck-gar
0%
Zarak
0%
Zigzag
0%

Score Distribution

Percentile by Number Answered

Percent of People with Each Score

Your Score History

You have not taken this quiz